000 00800nas a2200277 4500
001 BR8901595
003 BR-BrBNA
005 20231205091513.0
007 ta
008 230509b bl.|||p| |||| 00| 00por d
040 _aBR-BrBNA
_bpor
_cBiblioteca Nacional de Agricultura
041 _a(Pt)
072 _aE14
100 1 _aCastro, A.G.
100 1 _aRodrigues, G.S.
100 1 _aFerreira, M.C.
245 1 _aProposta para abordagem do dilema agricultura x meio ambiente
650 _aAGRICULTURA
650 _aECOLOGIA
650 _aCONDICAO AMBIENTAL
650 _aMEIO AMBIENTE
650 _aRECURSO NATURAL
773 0 _tCiencia e Cultura (Brazil)
_xISSN 0009-6725
_g(Jul 1988), v. 40(7) p. 646-651
_wBR8901595
909 _a202311
_bLúcia
_c55
_dLúcia Elande
942 _2AGRIS
_n0
_cANA
999 _c125517
_d125517